Spoilt for choice? (Record no. 67069)

MARC details
000 -LEADER
fixed length control field 01334cam a2200265 4500
001 - CONTROL NUMBER
control field ABS63978
008 - FIXED-LENGTH DATA ELEMENTS--GENERAL INFORMATION
fixed length control field 000000n2001 000 0 eng u
035 ## - SYSTEM CONTROL NUMBER
System control number (Sirsi) u112676
100 ## - MAIN ENTRY--PERSONAL NAME
Personal name Austin, C
245 ## - TITLE STATEMENT
Title Spoilt for choice?
260 ## - PUBLICATION, DISTRIBUTION, ETC.
Date of publication, distribution, etc. 2001
490 ## - SERIES STATEMENT
Series statement Solicitors' Journal
Volume/sequential designation 145(18) 11 May 2001, 436(1)
520 ## - SUMMARY, ETC.
Summary, etc. Considers the dispute resolution options available for landlord and tenant disputes. Dispels the notion that experts/arbitrators gain substantial fees through dispute resolution, highlighting that experts on the RICS panel rarely receive appointments which result in a determination and a fee. Outlines the advantages of the PACT (Professional Arbitration on Court Terms) dispute resolution scheme, which include speed, lower cost, high quality decisions, and flexibility. Suggests that expert nomination is preferable to arbitration in rental disputes, and concludes with a brief summary of the mediation option.
590 ## - LOCAL NOTE (RLIN)
Local note ABS
650 ## - SUBJECT ADDED ENTRY--TOPICAL TERM
Topical term or geographic name entry element FEES
650 ## - SUBJECT ADDED ENTRY--TOPICAL TERM
Topical term or geographic name entry element RENTAL DISPUTES
650 ## - SUBJECT ADDED ENTRY--TOPICAL TERM
Topical term or geographic name entry element LANDLORD AND TENANT
9 (RLIN) 6252
650 ## - SUBJECT ADDED ENTRY--TOPICAL TERM
Topical term or geographic name entry element EXPERT WITNESSES
650 ## - SUBJECT ADDED ENTRY--TOPICAL TERM
Topical term or geographic name entry element MANAGEMENT-DISPUTE AVOIDANCE, MANAGEMENT AND RESOLUTION-DISPUTE MANAGEMENT AND RESOLUTION-ARBITRATION
650 ## - SUBJECT ADDED ENTRY--TOPICAL TERM
Topical term or geographic name entry element MEDIATION
650 ## - SUBJECT ADDED ENTRY--TOPICAL TERM
Topical term or geographic name entry element RICS
650 ## - SUBJECT ADDED ENTRY--TOPICAL TERM
Topical term or geographic name entry element PACT
690 ## - LOCAL SUBJECT ADDED ENTRY--TOPICAL TERM (OCLC, RLIN)
Topical term or geographic name as entry element Dispute resolution
9 (RLIN) 6236
942 ## - ADDED ENTRY ELEMENTS (KOHA)
Suppress in OPAC 0
Holdings
Withdrawn status Lost status Source of classification or shelving scheme Damaged status Not for loan Home library Current library Shelving location Date acquired Total Checkouts Full call number Barcode Date last seen Copy number Price effective from Koha item type
    Dewey Decimal Classification     London London Journal article 21/05/2001   ABS63978 112676-1001 06/08/2019 1 06/08/2019 Journal article